000 00574nam a22001937a 4500
003 BD-DhJNU
005 20250204105045.0
008 250204b |||||||| |||| 00| 0 eng d
020 _a9780470250265
040 _aBD-DhJNU
_bENG
_cBD-DhJNU
_dBD-DhJNU
082 _223
_a302 SAS
100 _aSanderson, Catherine
245 _aSocial psychology /
_cCatherine Sanderson
260 _aHoboken,
_bJohn Wiley & Son,
_c2010.
300 _a634p. :
_bill. ;
_c24 cm.
504 _aIncludes bibliographical references and index
650 _aSocial psychology
942 _2ddc
_cBK
_n0
999 _c1241
_d1241